01371nam a2200361 c 450000100060000000300100000600500170001600700030003300800410003602000180007704000350009504100130013008200190014310000340016224501880019625000220038426400400040630000650044633600270051133700330053833800280057150000340059950400410063352100530067453400460072765000290077365000410080265000460084365500170088970000410090670000370094770000250098458084CO-BoRNBP20250815144929.0ta160801s2008 mx ad jr 001 0 spa d a9789681828554 aCO-BoRNBPbspaerdacCO-BoRNBP1 aspaheng04a530.0724bW14f aWalker, Jearl D.,d1945-eaut10aFísica recreativa :bla feria ambulante de la física /cJearl D. Walker ; traducido por Sergio Fernández Everest y Concepción Calderón Acosta ; revisión de Marcos Ley Koo. aSegunda edición 1aMéxico :bEditorial Limusa,c2008 a386 páginas :bilustraciones y diagramas en blanco y negro atextobtxt2rdacontent asin mediaciónbn2rdamedia avolumenbnc2rdacarrier aIncluye índice alfabético aIncluye referencias bibliográficas aRecomendado para un público mayor de 12 años tThe flying circus of physics with answers07aCiencia recreativa2LEMB07aExperimentación científica2lemb07aFísicaxenseñanzavvideocasetes2LEMB aVideocasetes aCalderón Acosta, Concepciónetrl aFernández Everest, Sergioetrl aLey Koo, Marcoserev